00635nam a22001337a 4500008004100000020002200041082001600063100002100079245007000100250001200170260004200182300002100224650025600245180423b xxu||||| |||| 00| 0 eng d a978-1-4129-3956-0 a568.049 THO aTHOMAS, David. C aCross- Cultural ManagementbEssential Concepts cDavid C. Thomas  a2nd ed  aCalifornia bSAGE Publications c2008 axix, 327pc23cm  2International Business Enterprises- Management 2. International Business Enterprises- Management- Cross-cultural Studies 3. Management- Cross-cultural Studies 4. Intercultural Communication 5. Communication in Management- Cross-cultural Studies